[Event "CG Corrsp. Tourn."]
[Site "http://www.queenalice.com/game.php?id=57338"]
[Date "2006.3.14"]
[Round "-"]
[White "EmperorAtahualpa"]
[Black "WannaBe"]
[Result "1-0"]
[WhiteElo "1570"]
[BlackElo "978"]

1. e4 c5 2. Nf3 d6 3. d4 cxd4 4. Nxd4 Nf6 5. Nc3 a6 6. Bg5 e6 7. f4 Nbd7 8. Qf3
Qc7 9. O-O-O Be7 10. g4 O-O 11. Bd3 b5 12. e5 Bb7 13. Ne4 dxe5 14. Nxf6+ Nxf6
15. Qh3 Bxh1 16. Bxf6 g6 17. Bxe5 Bd6 18. Rxh1 Bxe5 19. fxe5 Qxe5 20. Nf3 Qc7
21. Qh6 f6 22. h4 Qg7 23. Qe3 Rae8 24. Qb6 f5 25. gxf5 exf5 26. Qxa6 Ra8 27.
Qe6+ Kh8 28. Bxb5 Rfb8 29. Qb3 Qb7 30. a4 Qe4 31. Re1 Qf4+ 32. Kb1 Kg7 33. Re7+
Kh6 34. Ng5 1-0

[Event "Challenge"]
[Site "http://www.queenalice.com/game.php?id=59017"]
[Date "2006.3.23"]
[Round "-"]
[White "li2carpio"]
[Black "WannaBe"]
[Result "1-0"]
[WhiteElo "1701"]
[BlackElo "891"]

1. e4 c5 2. Nf3 d6 3. Nc3 Nc6 4. d4 cxd4 5. Nxd4 Nf6 6. Bg5 e6 7. Nf3 Be7 8. Bb5
O-O 9. Qd2 Bd7 10. O-O-O a6 11. Bd3 Qc7 12. h4 h6 13. e5 dxe5 14. Ne4 Nxe4 15.
Bxe4 Rfe8 16. Qxd7 1-0

[Event "AUTO-OPEN-498"]
[Site "http://www.queenalice.com/game.php?id=147421"]
[Date "2006.12.28"]
[Round "1"]
[White "Carlos_Naves"]
[Black "WannaBe"]
[Result "1-0"]
[WhiteElo "1874"]
[BlackElo "959"]

1. e4 c5 2. Nf3 d6 3. d4 cxd4 4. Nxd4 Nf6 5. Nc3 a6 6. Bg5 e6 7. f4 Nbd7 8. Qf3
Be7 9. O-O-O h6 10. Bh4 O-O 11. Bc4 b5 12. Bxe6 Qc7 13. Nd5 1-0

[Event "AUTO-OPEN-498"]
[Site "http://www.queenalice.com/game.php?id=147422"]
[Date "2006.12.28"]
[Round "1"]
[White "WannaBe"]
[Black "Carlos_Naves"]
[Result "0-1"]
[WhiteElo "959"]
[BlackElo "1874"]

1. e4 c5 2. Nf3 Nc6 3. c4 g6 4. Nc3 Bg7 5. d3 d6 6. Bd2 e6 7. Be2 Nge7 8. O-O
O-O 9. Qc1 d5 10. exd5 exd5 11. Bh6 Be6 12. Bxg7 Kxg7 13. Qd2 dxc4 14. dxc4 Qxd2
0-1

[Event "AUTO-OPEN-498"]
[Site "http://www.queenalice.com/game.php?id=147431"]
[Date "2006.12.28"]
[Round "1"]
[White "kaikovisk"]
[Black "WannaBe"]
[Result "1-0"]
[WhiteElo "1960"]
[BlackElo "959"]

1. e4 c5 2. Nf3 d6 3. Bb5+ Bd7 4. Bxd7+ Qxd7 5. d4 cxd4 6. Nxd4 Nf6 7. Nc3 g6 8.
O-O Bg7 9. Qf3 O-O 10. Nb3 Nc6 11. a3 e6 12. Bf4 e5 13. Bg5 1-0

[Event "AUTO-OPEN-498"]
[Site "http://www.queenalice.com/game.php?id=147432"]
[Date "2006.12.28"]
[Round "1"]
[White "WannaBe"]
[Black "kaikovisk"]
[Result "0-1"]
[WhiteElo "959"]
[BlackElo "1960"]

1. e4 e5 2. Nf3 Nc6 3. d4 exd4 4. Nxd4 Nxd4 5. Qxd4 d6 6. Bc4 Nf6 7. Nc3 Be7 8.
O-O O-O 9. Re1 c5 10. Qd3 Re8 11. Bg5 a6 12. f4 b5 0-1

[Event "AUTO-BEG-54"]
[Site "http://www.queenalice.com/game.php?id=147661"]
[Date "2006.12.29"]
[Round "1"]
[White "oleonearm"]
[Black "WannaBe"]
[Result "1-0"]
[WhiteElo "1184"]
[BlackElo "978"]

1. e4 c5 2. Nf3 d6 3. d4 cxd4 4. Nxd4 Nf6 5. Bd3 Nc6 6. c3 g6 7. Bf4 Bg7 8. O-O
O-O 9. Nxc6 bxc6 10. Nd2 e5 11. Bg5 Qb6 12. Qf3 Qxb2 13. Nc4 Qb8 14. Bxf6 1-0

[Event "AUTO-BEG-54"]
[Site "http://www.queenalice.com/game.php?id=147662"]
[Date "2006.12.29"]
[Round "1"]
[White "WannaBe"]
[Black "oleonearm"]
[Result "0-1"]
[WhiteElo "959"]
[BlackElo "1374"]

1. e4 e5 2. Nf3 Nc6 3. d4 f6 4. dxe5 fxe5 5. Bc4 Nf6 6. O-O Bc5 7. Ng5 Qe7 8.
Nc3 h6 9. Nf3 d6 10. h3 Be6 11. Bxe6 Qxe6 12. Nb5 O-O-O 13. Qe2 Nd7 14. Be3 Bxe3
15. Qxe3 Qc4 16. Nc3 Nd4 17. Rfc1 Nxf3+ 18. Qxf3 Rhf8 19. Qd3 Qc5 20. Qd2 Rf7
21. Rf1 Rdf8 22. Rae1 Nb6 23. b3 g5 24. Nd1 Nd7 25. Qe3 Qxe3 0-1

[Event "AUTO-BEG-54"]
[Site "http://www.queenalice.com/game.php?id=147673"]
[Date "2006.12.29"]
[Round "1"]
[White "leafar"]
[Black "WannaBe"]
[Result "1-0"]
[WhiteElo "1584"]
[BlackElo "959"]

1. e4 c5 2. c4 Nc6 3. Nf3 d6 4. Be2 Nf6 5. O-O e6 6. d3 Be7 7. Nc3 O-O 8. Bg5 h6
9. Be3 Qc7 10. Rb1 a6 11. d4 cxd4 12. Nxd4 Nxd4 13. Bxd4 Bd7 14. b4 Rab8 15. b5
1-0

[Event "AUTO-BEG-54"]
[Site "http://www.queenalice.com/game.php?id=147674"]
[Date "2006.12.29"]
[Round "1"]
[White "WannaBe"]
[Black "leafar"]
[Result "0-1"]
[WhiteElo "959"]
[BlackElo "1584"]

1. e4 e5 2. Nf3 d6 3. d4 exd4 4. Nxd4 Be7 5. Bc4 Nf6 6. Nc3 O-O 7. O-O c5 8.
Nde2 Nc6 9. f4 Bg4 10. Be3 a5 11. h3 Be6 12. Nd5 Nxe4 13. Nxe7+ Qxe7 14. Bxe6
fxe6 15. Qd3 d5 0-1

[Event "AUTO-BEG-54"]
[Site "http://www.queenalice.com/game.php?id=147679"]
[Date "2006.12.29"]
[Round "1"]
[White "Majnu"]
[Black "WannaBe"]
[Result "1-0"]
[WhiteElo "1432"]
[BlackElo "978"]

1. d4 Nf6 2. c4 g6 3. Nc3 Bg7 4. e4 d6 5. f4 O-O 6. Nf3 Nbd7 7. Be2 c6 8. O-O e5
9. fxe5 dxe5 10. d5 cxd5 11. cxd5 a6 12. Bg5 b5 13. a3 Qb6+ 14. Kh1 Nc5 15. Be3
Bb7 16. b4 1-0

[Event "AUTO-BEG-54"]
[Site "http://www.queenalice.com/game.php?id=147680"]
[Date "2006.12.29"]
[Round "1"]
[White "WannaBe"]
[Black "Majnu"]
[Result "0-1"]
[WhiteElo "959"]
[BlackElo "1702"]

1. e4 c5 2. Nf3 Nc6 3. c4 g6 4. d4 cxd4 5. Nxd4 Bg7 6. Be3 Nf6 7. Nc3 d6 8. Be2
O-O 9. O-O a5 10. f3 Nxd4 11. Bxd4 Be6 12. b3 Nd7 13. Bxg7 Kxg7 14. Nd5 Bxd5 15.
cxd5 Qb6+ 16. Kh1 Rac8 17. Rc1 Nc5 18. Qd4+ f6 19. a3 Qxb3 20. Ra1 Qc2 21. Qd1
Qxd1 22. Rfxd1 Rc7 23. Rac1 Rfc8 24. Kg1 Kf7 25. Kf2 Nd3+ 26. Bxd3 Rxc1 27. Rxc1
Rxc1 28. a4 Ke8 29. g4 g5 30. h3 Kd7 0-1

[Event "Challenge"]
[Site "http://www.queenalice.com/game.php?id=150412"]
[Date "2007.1.5"]
[Round "-"]
[White "WannaBe"]
[Black "technicaldraw"]
[Result "0-1"]
[WhiteElo "959"]
[BlackElo "1766"]

1. e4 c6 2. Nf3 d5 3. d3 dxe4 4. Ng5 exd3 5. Qxd3 Qxd3 6. Bxd3 h6 7. Ne4 Nd7 8.
O-O Ngf6 9. Nbc3 e6 10. Be3 Bb4 11. Rfd1 Bxc3 12. bxc3 Nxe4 13. Bxe4 Nf6 14. f3
Nxe4 0-1